000 01817cam a22003737i 4500
001 20110827
003 NUST
005 20240304130438.0
008 171030s2018 enka b 001 0 eng
010 _a 2017959226
020 _a9780500021804
_q(hardcover)
038 _aMalang Jan
040 _aDLC
_beng
_erda
_cDLC
_dDLC
050 0 0 _aMLCL 2022/40280 (N)
082 _a709.04
_bWEB
130 0 _aEsprit du Bauhaus.
_lEnglish.
_9121803
245 1 4 _aThe spirit of the Bauhaus /
_cRaphaèle Billé, Monique Blanc, Marie-Sophie Carron de la Carrière, Louise Curtis, Nicholas Fox Weber, Olivier Gabet, Jean-Louis Gaillemin, Mathieu Mercier, Anne Monier, Béatrice Quette ; translated from the French by Ruth Sharman ; head of publishing, Chloé Demey.
264 1 _aLondon ;
_aNew York, New York :
_bThames & Hudson,
_c2018.
300 _a263 pages :
_billustrations (some color) ;
_c31 cm
336 _atext
_btxt
_2rdacontent
337 _aunmediated
_bn
_2rdamedia
338 _avolume
_bnc
_2rdacarrier
362 _a2018.
500 _aMinimal Level Cataloging Plus.
_5DLC
504 _aIncludes bibliographical references (pages 256-258) and index.
505 2 _aForeword / Catherine Tsekenis -- Preface / Pierre-Alexis Dumas and Olivier Gabet -- Not just lucky enough to know them but to eat with them / Nicholas Fox Weber -- Esotericism at the Bauhaus / Jean Louis Gaillemin.
610 2 0 _aBauhaus
_vExhibitions.
_9121804
650 0 _aArt movements
_zGermany
_xHistory
_y20th century
_vExhibitions.
_9121805
700 1 _aWeber, Nicholas Fox,
_d1947-
_econtributor.
_9121752
700 1 _aBillé, Raphaèle,
_econtributor.
_9121806
906 _a7
_bcbc
_corignew
_d4
_encip
_f20
_gy-gencatlg
942 _2ddc
_cBK
999 _c608541
_d608541